00703nam a2200217Ii 45000010005000000030009000050080041000140400033000550410008000880840014000961000027001102450017001372640038001543000012001923360026002043370028002303380027002589400050002859990017003359520133003525845CO-ViMGA241108s9999||||xx |||||||||||||| ||und|| aCO-ViMGAbspaerdacCO-ViMGA0 aspa aN MOR12ma1 aAlberto Moravia94435210aLa Mascarada 1aBogotá, Colombia : Salvat, 1971 avolumen atextbtxt2rdacontent aunmediatedbn2rdamedia avolumebnc2rdacarrier aidficha_siabuc: 5699. -- ficha_no_siabuc:5845 c38806d38806 001040708012aMEVIGERRbMEVIGERRcLITd2006-11-27oN MOR12mapECA4906r2024-11-25 15:05:34tEj.1w2024-11-25yBKz5699 | 7971